000 00597nam a2200265Ia 4500
005 20260306163838.0
008 008 260114s9999 xx 000 0 eng d
020 _a9780804783675
037 _aEBOOK
040 _aCRL
040 _beng
040 _cCRL
041 _2eng
041 _aeng
084 _qCRL
100 _aKimmage
_9939259
245 0 _aIn History's Grip
260 _bStanford University Press
260 _c2013
650 _aSocial Work
856 _uhttps://academic.oup.com/book/19274
942 _cEBOOK
999 _c1711724
_d1711724